ბათუმის შოთა რუსთაველის სახელმწიფო უნივერსიტეტის ბიბლიოთეკა

Tourism and Transport. Modes, networks and flows (ბიბ.ჩანაწერი № 45732)

000 -LEADER
fixed length control field 00522nam a2200217Ia 4500
001 - CONTROL NUMBER
control field 12559
003 - CONTROL NUMBER IDENTIFIER
control field GE_BSU
008 - FIXED-LENGTH DATA ELEMENTS--GENERAL INFORMATION
fixed length control field 181216s||||||||xx |||||||||||||| ||und||
020 ## - INTERNATIONAL STANDARD BOOK NUMBER
International Standard Book Number 9781845410643
040 ## - CATALOGING SOURCE
Transcribing agency GE_BSU
080 ## - UNIVERSAL DECIMAL CLASSIFICATION NUMBER
Universal Decimal Classification number 338.48
100 ## - MAIN ENTRY--PERSONAL NAME
Personal name Duval,David Timothy
245 ## - TITLE STATEMENT
Title Tourism and Transport. Modes, networks and flows
260 ## - PUBLICATION, DISTRIBUTION, ETC.
Place of publication, distribution, etc. Clevedon
260 ## - PUBLICATION, DISTRIBUTION, ETC.
Name of publisher, distributor, etc. Channel View Publications
260 ## - PUBLICATION, DISTRIBUTION, ETC.
Date of publication, distribution, etc. 2007
300 ## - PHYSICAL DESCRIPTION
Extent 327p.ill.25cm.
653 ## - INDEX TERM--UNCONTROLLED
Uncontrolled term Tourism and Transport
942 ## - ADDED ENTRY ELEMENTS (KOHA)
Koha item type წიგნი
ეგზემპლარები
Withdrawn status Lost status Damaged status Not for loan Date acquired Barcode Date last seen Price effective from Koha item type
        2018-12-17 36224 2018-12-17 2018-12-17 წიგნი